The noble scholar, jurist, historian


 His Excellency Dr. Abdul Wahhab bin Ibrahim Abu Sulaiman, may Allah have mercy on him.


 He was born in Umm Al-Qura in the year 1356 AH.

موسوعة الأدباء والكتاب السعوديين خلال ستين عاما 1350 هـ.-1410 هـ. / (Record no. 11863)

MARC details
000 -LEADER
fixed length control field 01706cam a22003491ia4500
003 - CONTROL NUMBER IDENTIFIER
control field SA-RiAUC
005 - DATE AND TIME OF LATEST TRANSACTION
control field 20250918051540.0
008 - FIXED-LENGTH DATA ELEMENTS--GENERAL INFORMATION
fixed length control field 250918s1992 su a g be f00010cara c
020 ## - INTERNATIONAL STANDARD BOOK NUMBER
International Standard Book Number 9775254221
040 ## - CATALOGING SOURCE
Original cataloging agency SA-MdTU
Language of cataloging ara
Transcribing agency SA-RiAUC
Description conventions rda
043 ## - GEOGRAPHIC AREA CODE
Geographic area code a-su---
082 04 - DEWEY DECIMAL CLASSIFICATION NUMBER
Classification number 928.103
Assigning agency SA-RiAUC
090 ## - LOCALLY ASSIGNED LC-TYPE CALL NUMBER (OCLC); LOCAL CALL NUMBER (RLIN)
Classification number (OCLC) (R) ; Classification number, CALL (RLIN) (NR) 928.103
Local cutter number (OCLC) ; Book number/undivided call number, CALL (RLIN) ا ب ن س
100 1# - MAIN ENTRY--PERSONAL NAME
Personal name ابن سلم، أحمد سعيد عبود،
Dates associated with a name 1350 هجري-
Relator term مؤلف.
245 10 - TITLE STATEMENT
Title موسوعة الأدباء والكتاب السعوديين خلال ستين عاما 1350 هـ.-1410 هـ. /
Statement of responsibility, etc. إعداد أحمد سعيد بن سلم.
246 3# - VARYING FORM OF TITLE
Title proper/short title موسوعة الأدباء والكتاب السعوديين خلال 60 عاما 1350 هـ.-1410 هـ.
250 ## - EDITION STATEMENT
Edition statement الطبعة الأولى.
264 #1 - PRODUCTION, PUBLICATION, DISTRIBUTION, MANUFACTURE, AND COPYRIGHT NOTICE
Place of production, publication, distribution, manufacture المدينة المنورة :
Name of producer, publisher, distributor, manufacturer نادي المدينة المنورة الأدبي،
Date of production, publication, distribution, manufacture, or copyright notice 1992.
300 ## - PHYSICAL DESCRIPTION
Extent 3 مجلد :
Other physical details مصور ؛
Dimensions 24 سم.
336 ## - CONTENT TYPE
Content type term نص
Content type code txt
Source rdacontent
Materials specified كتاب
337 ## - MEDIA TYPE
Media type term بدون وسيط
Media type code n
Source rdamedia
338 ## - CARRIER TYPE
Carrier type term مجلد
Carrier type code nc
Source rdacarrier
490 0# - SERIES STATEMENT
Series statement إصدارات نادي المدينة المنورة الأدبي ؛
Volume/sequential designation 78، 77، 76
504 ## - BIBLIOGRAPHY, ETC. NOTE
Bibliography, etc. note يشتمل على إرجاعات ببليوجرافية.
504 ## - BIBLIOGRAPHY, ETC. NOTE
Bibliography, etc. note ببليوجرافية : صفحة 322-327.
650 #7 - SUBJECT ADDED ENTRY--TOPICAL TERM
Topical term or geographic name entry element المؤلفون السعوديون
Form subdivision تراجم
-- دوائر معارف
Source of heading or term aucsh
650 #7 - SUBJECT ADDED ENTRY--TOPICAL TERM
Topical term or geographic name entry element الأدباء السعوديون
Form subdivision تراجم
-- دوائر معارف
Source of heading or term aucsh
650 #7 - SUBJECT ADDED ENTRY--TOPICAL TERM
Topical term or geographic name entry element الأدباء العرب
Geographic subdivision السعودية
Form subdivision تراجم
Source of heading or term aucsh
650 #7 - SUBJECT ADDED ENTRY--TOPICAL TERM
Topical term or geographic name entry element الأدب العربي
Geographic subdivision السعودية
General subdivision تاريخ ونقد
Source of heading or term aucsh
942 ## - ADDED ENTRY ELEMENTS (KOHA)
Source of classification or shelving scheme Dewey Decimal Classification
Koha item type Books
949 ## - LOCAL PROCESSING INFORMATION (OCLC)
a SA-JeALM
d 250918
u khaled123
n 1
Holdings
Withdrawn status Lost status Source of classification or shelving scheme Materials specified (bound volume or other part) Damaged status Not for loan Home library Current library Date acquired Total checkouts Full call number Barcode Date last seen Price effective from Koha item type
    Dewey Decimal Classification القسم الاول     DR AbdElwahab Library DR AbdElwahab Library 09/18/2025   928.103 ا ب ن س 000019103 09/18/2025 09/18/2025 Books
    Dewey Decimal Classification القسم الثاني     DR AbdElwahab Library DR AbdElwahab Library 09/18/2025   928.103 ا ب ن س 000019104 09/18/2025 09/18/2025 Books
    Dewey Decimal Classification القسم الثالث     DR AbdElwahab Library DR AbdElwahab Library 09/18/2025   928.103 ا ب ن س 000019105 09/18/2025 09/18/2025 Books